00800nam a2200205 a 4500008004100000020001800041050001400059100002000073245006700093260004900160300003600209650001700245650001200262650002000274650002900294700002400323995010000347999001700447952013000464200805s2018 ||||||||||||||||| || u a9781107016651 aQC 28 Jaf aJaffe, Robert L14aThe physics of energy cBy Robert L. Jaffe; Washington Taylor  aCambridge bCambridge University Pressc2018 axxx, 874 pages : illustrations  aFORCE ENERGY 0aPHYSICS 0aPOWER RESOURCES 0aRENEWABLE ENERGY SOURCES aTaylor, Washington  D76.41FCBU-MAIN LIBRARY (Kitwe)M1UAVAILABLEWAug 6, 2020ZMain Library Open Access Collection c53614d53614 00102lcc4070a001b001cMain Library Open Access Collectiond2022-11-30l0oQC 28 Jafp750419r2022-11-30w2022-11-30y002